000 00472nam a2200181Ia 4500
008 230917s9999||||xx |||||||||||||| ||und||
020 _cGBP16.99
040 _e226178
_aMAIN
041 _aEnglish
082 _a820.9 S51G(2)
100 _aSmith, Andrew
245 0 _aGothic literature
250 _a2nd ed.
260 _aEdinburgh
_bEdinburgh University Press
_c2013
300 _aix, 240 p.
500 _a2032 10/03/2015 C-7349 16/03/2015 Main Budget
942 _cBK
999 _c15166
_d15166